Into - Josman - Full lyrics - Statistiques

Statistiques générales
  • Ce quiz a été pris 398 fois
    397 depuis la dernière actualisation
  • Le résultat moyen est 240 sur 386
Statistiques - réponses
Hint Réponse % Correct
Unique verse mon
94%
pas
93%
à
92%
a
92%
ne
92%
de
91%
ma
91%
qu'
90%
se
90%
j'ai
89%
ça
88%
la
87%
le
87%
dans
85%
me
84%
qui
84%
au
83%
change
83%
m'inquiète
83%
on
83%
haine
82%
les
82%
je
81%
81%
mais
80%
y'a
80%
ressenti
78%
trop
78%
cœur
77%
maman
77%
va
77%
empiète
76%
mal
75%
peu
75%
d'la
74%
et
74%
oh
73%
peine
73%
saigne
73%
oubliettes
72%
seigneur
72%
aux
71%
assiette
70%
d'l'amour
70%
tête
70%
car
69%
comprennent
69%
du
68%
j'sais
68%
j'suis
68%
seul
68%
faire
67%
fête
67%
sens
67%
d'humeur
66%
j'me
65%
mes
65%
remords
65%
un
64%
fond
63%
ton
63%
tout
63%
émotions
61%
haussé
61%
moments
61%
pires
61%
pression
61%
que
61%
c'que
60%
dire
59%
notions
59%
peloton
59%
sais
59%
t'aime
59%
toutes
59%
tu
59%
en
58%
exprimer
58%
solutions
58%
moi
57%
comme
56%
maintenant
56%
monde
55%
quand
55%
sont
55%
vois
55%
autre
54%
classe
54%
j'peux
54%
chose
53%
non
53%
yet
53%
d'ja
52%
fumée
52%
j'étais
52%
meurt
51%
ont
51%
penser
51%
plus
51%
touché
51%
arrêté
50%
danser
50%
dévotion
50%
don't
50%
étoiles
50%
know
50%
d'ma
48%
fuir
48%
si
48%
souvenirs
48%
frais
47%
même
47%
vie
47%
firmament
46%
j'paye
46%
chaque
45%
leçons
45%
jour
44%
j'prie
44%
suis
44%
l'tour
42%
mort
42%
rien
42%
j'voulais
41%
d'l'Atlas
40%
océans
40%
seulement
40%
glace
39%
j'retiens
39%
tellement
39%
tenaces
39%
toujours
39%
JOS
38%
place
38%
qu'il
38%
ronces
38%
routes
38%
endroit
37%
est
37%
MAN
37%
n'y
37%
yeah
37%
censé
36%
géant
36%
n'arrive
36%
n'est
36%
pioncer
36%
valeurs
36%
pour
35%
beaucoup
34%
d'avancer
34%
j'apprends
34%
trompé
34%
d'fois
33%
froid
33%
pavées
33%
qu'un
33%
l'impression
32%
néant
32%
qu'on
32%
corrige
31%
chasse
30%
demande
30%
enseigne
29%
j'pars
28%
l'isolement
28%
réduits
28%
sentiments
28%
système
28%
assez
27%
fardeau
27%
futur
27%
malveillant
27%
traces
27%
attrayant
26%
mieux
26%
celle
25%
croire
25%
s'efface
25%
effrayant
24%
tous
24%
vit
24%
bien
22%
bonheur
22%
face
22%
l'paradis
22%
ouais
22%
déplace
20%
j'vois
20%
cher
17%
l'dos
17%
oh-oh
17%
payants
17%
corps
16%
être
15%
mmh
15%
Intro Yah
10%
Aucun quiz correspondant
Distribution des résultats
% des personnes avec chaque résultat
Percentile par nombre de réponses
Votre historique - résultats
Vous n’avez pas pris ce quiz depuis la dernière actualisation